000 00589nam a2200241 a 4500
001 adlib96000001
003 ViArRB
005 200902210153555.7
008 960221s1955 dcuabcdjdbkoqu001 0deng d
020 _a
022 _a
040 _aAdlib
082 _a92
245 _aCentana Ke Bimb
250 _a
260 _aDelhi
_bNational
_c1967
300 _a110p.
_c
500 _a collection of biographies
100 _aNagendra
_e
700 _a
_a
942 _cBK
952 _w2010-06-16
_pH0004323
_r2010-06-16
_40
_00
_bUL
_10
_o92=H NAG
_d2010-06-16
_70
_yBK
_aUL
999 _c29616
_d29615